ბათუმის შოთა რუსთაველის სახელმწიფო უნივერსიტეტის ბიბლიოთეკა

''ვეფხისტყაოსნის'' თურქული თარგმანების კორპუსლინგვისტური და კრიტიკული ანალიზი : (ბიბ.ჩანაწერი № 59451)

000 -ლიდერი
ფიქსირებული სიგრძის საკონტროლო ველი 01668nam a22002297a 4500
003 - საკონტროლო ნომრის იდენტიფიკატორი
საკონტროლო ველი Ge_BSU
005 - ბოლო ოპერაციის თარიღი და დრო
საკონტროლო ველი 20230220112041.0
008 - ფიქსირებული სიგრძის მონაცემთა ელემენტები - ზოგადი ინფორმაცია
ფიქსირებული სიგრძის საკონტროლო ველი 230220s2023 ge ||||| |||| 00| 0 geo d
041 ## - ენის კოდი
Language code of text/sound track or separate title geo
080 ## - უნივერსალური ათობითი კლასიფიკაციის ინდექსი
Universal Decimal Classification number 82 ნ-74
100 ## - მთავარი ჩანაწერი - პიროვნების სახელი
Personal name ნიქაბაძე, ნონა
9 (RLIN) 16973
245 ## - ცნობა სათაურის შესახებ
Title ''ვეფხისტყაოსნის'' თურქული თარგმანების კორპუსლინგვისტური და კრიტიკული ანალიზი :
Remainder of title დისერტაცია /
Statement of responsibility, etc ნონა ნიქაბაძე; სამეცნიერო ხელმძღვანელი მაია ბარამიძე, ლილე თანდილავა; ბსუ. ჰუმანიტარულ მეცნიერებათა ფაკულტეტი. ქართული ფილოლოგიის დეპარტამენტი.
264 ## - წარმოების, გამოცემის, დისტრიბუციის და სხვა ცნობები
გამოცემის, წარმოების, დისტრიბუციის... ადგილი ბათუმი,
გამოცემის, წარმოების, დისტრიბუციის... თარიღი 2023.
300 ## - ფიზიკური აღწერა
Extent 194 გვ. ;
Other physical details 30 სმ.
504 ## - BIBLIOGRAPHY, ETC. NOTE
Bibliography, etc ბიბლიოგრ. გვ. 182-194
653 ## - INDEX TERM--UNCONTROLLED
Uncontrolled term ფილოლოგია
653 ## - INDEX TERM--UNCONTROLLED
Uncontrolled term დისერტაცია
700 ## - ADDED ENTRY--PERSONAL NAME
Personal name ბარამიძე, მაია
Relator term სამეცნიერო ხელმძღვანელი
9 (RLIN) 3189
700 ## - ADDED ENTRY--PERSONAL NAME
Personal name თანდილავა, ლილე
Relator term სამეცნიერო ხელმძღვანელი
9 (RLIN) 5951
710 ## - ADDED ENTRY--CORPORATE NAME
Corporate name or jurisdiction name as entry element ბსუ. ჰუმანიტარულ მეცნიერებათა ფაკულტეტი.
Subordinate unit ქართული ფილოლოგიის დეპარტამენტი
9 (RLIN) 16974
942 ## - ADDED ENTRY ELEMENTS (KOHA)
Source of classification or shelving scheme
Koha item type დისერტაცია
ეგზემპლარები
ჩამოწერის სტატუსი დაკარგული ეგზემპლარის სტატუსი კლასიფიკაციის წყარო ან თაროზე გაწყობის სქემა დაზიანების სტატუსი არ გაიცემა მუდმივი მდებარეობა (დაცვის ადგილი) ამჟამინდელი ადგილსამყოფელი თაროზე განთავსების ადგილი შეძენის თარიღი სრული შენახვის შიფრი შტრიხკოდი ბოლო ოპერაციის თარიღი ეგზემპლარის მიმდევრობითი ნომერი (კეტერი?) ფასის ძალაში შესვლის თარიღი ეგზემპლარის სახეობა
        არ გაიცემა ბათუმის შოთა რუსთაველის სახელმწიფო უნივერსიტეტის მთავარი ბიბლიოთეკა ბათუმის შოთა რუსთაველის სახელმწიფო უნივერსიტეტის მთავარი ბიბლიოთეკა წიგნსაცავი 2023-02-20 82 ნ-74 409 დისერტ. 2023-02-20 409 2023-02-20 დისერტაცია